000 00569nam a2200193Ia 4500
005 20250508163107.0
008 008 250505s9999 xx 000 0 eng d
037 _aTextual
040 _aFEDL
_beng
_cFEDL
041 _aeng
_2eng
084 _a370.954, CHA
_qFEDL
100 _aChatterji Reena
_9150390
245 0 _aImpact of Raja Rammohun Roy on education in India
260 _aNew Delhi, India
_bS. Chand and Company Limited
_c1983
300 _axvi,264p.
650 _aEducation
942 _cTEXL
_h370.954, CHA
999 _c1380790
_d1380790